Pokemon TMs Gen 4 - Statistics

General Stats
  • This quiz has been taken 28 times
  • The average score is 33 of 42
Answer Stats
Hint Answer % Correct
TM51 - Flying Type User Recovers 1/2 HP and loses Flying type Roost
100%
TM82 - Normal Type User uses random move from moveset while asleep Sleep Talk
90%
TM90 - Normal Type Uses 1/4 HP to create alternate target for enemy attacks Substitute
90%
TM73 - Electric Type Paralyze enemy PKMN Acc 100% Thunder Wave
90%
TM92 - Psychic Type Slower PKMN go first; reverses speed priority Trick Room
90%
TM61 - Fire Type Acc 85% User inflicts burn status on enemy Will-o-Wisp
90%
TM60 - Fighting(Physical) Type PWR 60 Acc 100% User gains 1/2 damage as HP. Drain Punch
86%
TM85- Psychic(Special) Type PWR 100 Acc 100% Only usable on sleeping pokemon. Dream Eater
86%
TM64 - Normal(Physical) Type PWR 250 Acc 100% User faints. Explosion
86%
TM86 - Grass(Physical) Type PWR Varies depending on enemy Weight Acc 100% Grass Knot
86%
TM74 - Steel Type(Physical) PWR Varies by Speed difference Acc 100% No additional effect. Gyro Ball
86%
TM77 - Psychic Type Copy enemy PKMN stat-ups Psych Up
86%
TM67 - Normal Type Re-gives one-time use item to PKMN after use Recycle
86%
TM65 - Ghost(Physical) Type PWR 80 Acc 100% Increased chance of critical hit. Shadow Claw
86%
TM62 - Bug(Special) Type PWR 60 Acc 100% Chance to raise all users stats. Silver Wind
86%
TM76 - Rock Type Creates damaging entry hazard for all swapping enemy PKMN Stealth Rock
86%
TM57 - Electric(Special) Type PWR 50 Acc 90% Chance to raise users special attack. Charge Beam
81%
TM79 - Dark(Special) Type PWR 80 Acc 100% Chance to flinch enemy. Dark Pulse
81%
TM59 - Dragon(Special) Type PWR 90 Acc 100% No additional effects. Dragon Pulse
81%
TM53 - Grass(Special) Type PWR 80 Acc 100% Chance to lower enemy special defense. Energy Ball
81%
TM54 - Normal(Physical) Type PWR 40 Acc 100% Always leaves enemy with 1 HP. False Swipe
81%

TM52 - Fighting(Special) Type PWR 120 Acc 70% No additional effect.

Focus Blast
81%
TM88 - Flying(Physical) Type PWR 60 Acc 100% User can steal held berries from enemy. Pluck
81%
TM80 - Rock(Physical) Type PWR 75 Acc 90% Chance to flinch enemy. Rock Slide
81%
TM87 - Normal Type Raises enemy PKMN Atk 2 stages and confuses Swagger
81%
TM75 - Normal Type Raise Atk by 2 stages Swords Dance
81%
TM89 - Bug(Physical) Type PWR 70 Acc 100% User switches out after use. U-Turn
81%
TM58 - Normal Type Leaves user with 1 HP if they would faint Endure
76%
TM68 - Normal(Physical) PWR 150 Acc 90% User must recharge after use. Giga Impact
76%
TM69 - Rock Type Raises users speed by 2 stages Rock Polish
76%
TM81 - Bug(Physical) Type PWR 80 Acc 100% No additional effect. X-Scissor
76%
TM72 - Ice(Physical) PWR 60 Acc 100% Deals double damage is user took damage. Avalanche
71%
TM55 - Water(Special) Type PWR 65 Acc 100% Deals double damage if enemy is 1/2 HP or less. Brine
71%
TM91 - Steel(Special) Type PWR 80 Acc 100% No additional effect. Flash Cannon
71%
TM56 - Dark Type PWR Varies based on item held Acc 100% User loses item thrown at enemy. Fling
71%
TM63 - Dark Type Acc 100% Target is unable to use any items Embargo
67%
TM70 - Normal Type Lowers enemy PKMN accuracy by 1 stage Acc 100% Flash
67%
TM66 - Dark(Physical) Type PWR 50 Acc 100% Deals double damage if user was hit. Payback
67%
TM84 - Poison(Physical) Type PWR 80 Acc 100% Chance to poison enemy. Poison Jab
67%
TM71 - Rock(Physical) Type PWR 100 Acc is 80% No additional effect. Stone Edge
67%
TM78 - Normal Type Lower enemy SP. Atk by 2 stages if opposite Gender Captivate
57%
TM83 - Normal(Physical) Type PWR Varies depending on held Berry Acc 100% Natural Gift
57%
No matching quizzes found
Score Distribution
Percent of People with Each Score
Percentile by Number Answered
Your Score History
You have not taken this quiz